000 01404nam a2200361 c 4500
003 BLK
005 20240208091450.0
008 180407b bul|||||r ||||||| ||bul||
010 _aKNG00030628000
020 _a954-491-049-2
_bиздат.: Жанет-45
040 _aBLK
041 _aBUL
_cBUL
080 _aБългарска литература
_b821.163.2
_x-1
_z821.163.2-1
080 _aБългарска литература
_b821.163.2
_x-4
_z821.163.2-4
080 _aБългарска литература
_b821.163.2
_x-2
_z821.163.2-2
100 1 _aЦанев, Стефан Неделчев
_d1936-
_gПисател, поет, драматург.
_9364639
139 _aЦанев, Стефан Неделчев
_bЦ 16
245 1 0 _aЩе се скъса ли Млечният път?
_bСтихове, есета, драми
_cСтефан Неделчев Цанев.
257 _aBGR
260 Пловдив
_bЖанет-45
_c1999
300 _a391 с.
_bс ил.
_c21 см
380 _aX
500 _aОфс. изд. - 2 000 тир.
653 _aстихотворения
653 _aесета
653 _aдрами
852 _aЦб 203435
856 4 _qpdf
_u
856 4 _qpdf
_u
942 _cKNG
_n0
_013
944 _aCR
_c15.01.2003
_lМинев Младен
_k30530
944 _aED
_c15.05.2017
_lф /
_kЛюдмила_Стоянова
999 _c28040
_d28040